[Event "Corus 2010 - C"]
[Site "Wijk aan Zee"]
[Date "31.01.2010"]
[Round "13C"]
[White "Gupta,Ab"]
[Black "Robson,R"]
[Result "1-0"]
[WhiteElo "2577"]
[BlackElo "2570"]
[EventDate "2010.01.16"]

1. d4 Nf6 2. c4 e6 3. Nf3 d5 4. Nc3 c6 5. g3 Nbd7 6. Bg2 dxc4 7. O-O b5 8.
Ng5 Qb6 9. a4 b4 10. a5 Qa6 11. Nce4 Bb7 12. Nxf6+ gxf6 13. Ne4 O-O-O 14.
Qc2 c5 15. Be3 Bd5 16. Qa4 Qb7 17. dxc5 Bxe4 18. c6 Qxc6 19. Qxc6+ Bxc6 20.
Bxc6 Nc5 21. Bb5 Nb3 22. Bxa7 Nxa1 23. Rxa1 c3 24. bxc3 bxc3 25. Be3 Rd5
26. Bc4 Rc5 27. a6 Kc7 28. Bd3 Bd6 29. Bxc5 Bxc5 30. Rc1 Kd6 31. Rxc3 Rb8
32. Be4 Ba7 33. Bb7 Rg8 34. Kg2 Rg5 35. Rc8 Ra5 36. Rh8 h5 37. Rh7 Ke7 38.
Bf3 Rxa6 39. Bxh5 Bd4 40. Rxf7+ Kd6 41. h4 f5 42. Bf3 Ra7 43. Rxa7 Bxa7 44.
Bb7 Ke7 45. f3 Kf6 46. Bc8 Be3 47. Kh3 Ke5 48. Kg2 Kf6 49. g4 Ke5 50. Kg3
Kf6 51. Kh3 Ke5 52. Kg2 Kf6 53. g5+ Ke5 54. Kg3 Bd2 55. Kf2 Kf4 56. Bxe6
Be3+ 57. Ke1 Ke5 58. Bd7 Bc1 59. Kd1 Be3 60. Kc2 Bf2 61. g6 Kf6 62. Bxf5
Bxh4 63. e3 Bg5 64. Kd2 Bh6 65. Bd3 Bf8 66. f4 Bc5 67. Bf5 Bf8 68. e4 Ba3
69. e5+ Kg7 70. Ke3 Bc1+ 71. Kf3 Bd2 72. Kg4 Bc1 73. Bd3 Bb2 74. Kf5 Bc1
75. Bc4 Bd2 76. Bf7 Bc1 77. Ke4 Kf8 78. f5 Bg5 79. Bc4 Kg7 80. Kd5 1-0